000 00895nam a22002417a 4500
999 _c15820
_d15820
003 MIRAKIL
005 20240328112148.0
008 240328b tu ||||| |||| 00| 0 tur d
020 _a9789751616418
040 _aTR-AnCHP
_cTR-AnCHP
041 _atur
082 _a413
_bG89y 2019
100 _aGöz, İlyas
_q(Prof. Dr.).
245 1 0 _aYazılı Türkçenin kelime sıklığı sözlüğü /
_cİlyas Göz ; metin denetimi: Kübra Kıcır.
250 _aGözden Geçirilmiş İkinci Baskı: Ankara, 2019 Aralık
260 _aAnkara :
_bTürk Dil Kurumu (TDK),
_c2019.
300 _a503 sayfa ;
_c20 cm.
490 0 _aAtatürk Kültür, Dil ve Tarih Yüksek Kurumu Türk Dil Kurumu yayınları ;
_v823.
504 _aKaynakça: sayfa 13.
650 0 _97716
_aTürk dili
856 _zDijital Nüshası için Partimizin Kütüphane Sorumlusu ile iletişime geçiniz.
942 _2ddc
_cBKS